[Event "Turin Piemonte op 5th"]
[Site "Turin"]
[Date "2003.12.06"]
[Round "4"]
[White "Martin, Tiziano"]
[Black "Dezzi, Marco"]
[Result "1-0"]
[WhiteElo "1825"]
[BlackElo "1476"]
[PlyCount "47"]
[EventDate "2003.12.04"]
[EventType "swiss"]
[EventRounds "7"]
[EventCountry "ITA"]
[SourceTitle "EXT 2008"]
[Source "ChessBase"]
[SourceDate "2007.11.25"]
[SourceVersion "1"]
[SourceVersionDate "2007.11.25"]
[SourceQuality "1"]

1. d4 b6 2. Nf3 Bb7 3. Bf4 e6 4. e3 a6 5. Be2 d6 6. 0-0 Nd7 7. Nbd2 h6 8. h3 g5 9. Bh2 f5 10. c4 Ngf6 11. Qc2 Qe7 12. b4 Bg7 13. Rab1 g4 14. hxg4 Nxg4 15. c5 Nxh2 16. Nxh2 Bd5 17. Bh5+ Kd8 18. cxd6 cxd6 19. Rfc1 Qg5 20. Bf3 Bxf3 21. Nhxf3 Qg4 22. Qc6 Ke7 23. Nc4 Rag8 24. Qxd6+ 1-0